Countries With The Most Finnish Ancestry - Statistics

General Stats
  • This quiz has been taken 41 times
  • The average score is 20 of 25
Answer Stats
Total Country % Correct
5,60 mil Finland
100%
128,600 Russia
100%
712,000 Sweden
100%
650,000 United States
97%
37,000 Germany
95%
62,000 Norway
95%
144,300 Canada
92%
8,500 Estonia
92%
9,000 Denmark
89%
32,500 United Kingdom
89%
7,200 Poland
87%
6,500 Italy
84%
55,600 Spain
84%
30,000 Australia
82%
3,000 Belgium
82%
10,700 France
82%
5,000 Netherlands
82%
1,500 Ireland
79%
1,800 New Zealand
71%
3,500 Switzerland
66%
2,400 Greece
63%
50,000 Brazil
61%
12,500 Argentina
58%
3,300 Chile
45%
3,200 United Arab Emirates
29%
No matching quizzes found
Score Distribution
Percent of People with Each Score
Percentile by Number Answered
Your Score History
You have not taken this quiz